000 01291nam a2200229Ia 4500
003 Ost
005 20260507075802.0
008 260507s9999||||xx |||||||||||||| ||und||
020 _a9789947045121
040 _cfsecg
041 _aara
082 _a515
100 _aروابحية، فوزي
_eمؤلف
245 0 _aدروس وتمارين محلولة في التحليل الرياضي /
_c فوزي روابحية
260 _a[دون مكان]:
_b,
300 _a669 صفحة؛
_bإيضاحات ؛
_c23 سم
504 _aبيبليوغرافيا: ص ص.667-669
520 _aيضم المنطق الرياضي، المجموعات، المتتاليلا العددية، الدوال والتطبيقات، الدوال الحقيقة بمتغير حقيقي، الدوال المثلثية الأساسية ودوالها العكسية، الدوال اللوغاريتمية، الدالة الأسية، دالة القوة، الدوال الزائدية ودوالها العكسية، دساتير تايلور والنشر المحدود، تكامل ريمان، المعادلات التفاضلية، الدوال الحقيقية لعدة متغيرات حقيقية.
653 _aالتحليل الرياضي
653 _aالجبر
942 _cكتاب
999 _c46292
_d46292